| 000 | 00000cas 2200000za 4500 |
| 001 | 9.837995 |
| 003 | CaOODSP |
| 005 | 20251211085530 |
| 007 | cr ||||||||||| |
| 008 | 170608c20169999oncmx p oss f0 a0eng| |
| 040 | |aCaOODSP|beng |
| 043 | |an-cn--- |
| 086 | 1 |aHP60-6E-PDF |
| 245 | 00|aCJD cases by province/territory |h[electronic resource]. |
| 246 | 13|aCJD cases by province/territory as of ... |
| 260 | |a[Ottawa] : |bPublic Health Agency of Canada, |c[2016]- |
| 310 | |aMonthly (irregular) |
| 362 | 1 |aBegan with: June 30, 2016. |
| 500 | |aIssued also in French under title: Cas de MCJ par province/territoire. |
| 692 | 07|2gccst|aDiseases |
| 710 | 2 |aPublic Health Agency of Canada. |
| 775 | 08|tCas de MCJ par province/territoire |w(CaOODSP)9.837997 |